Loading...
| Science - Biology | 0 | 8 | 0 | 0 | 80 | 50 | 74.75 | 1 | 4 | 25.63 | 56.27 |
| Science - Chemistry | 0 | 8 | 1 | 0 | 75 | 60 | 89.50 | 0 | 2 | 19.12 | 49.36 |
| Science - Physics | 0 | 5 | 1 | 0 | 45 | 78 | 96.20 | 1 | 1 | 10.09 | 29.18 |
| Science - Other | 0 | 3 | 1 | 0 | 25 | 60 | 74.33 | 0 | 2 | 10.78 | 21.45 |
| Fine Arts - Painting and Sculpture | 0 | 2 | 0 | 1 | 20 | 66 | 97.50 | 0 | 1 | 5.04 | 8.91 |
| Fine Arts - Classical Music | 0 | 2 | 0 | 0 | 20 | 112 | 114.50 | 0 | 0 | 0.33 | 2.82 |
| Other Academic | 0 | 1 | 0 | 0 | 10 | 31 | 31.00 | 0 | 0 | 25.07 | 24.24 |
| Fine Arts - Other | 0 | 1 | 0 | 0 | 10 | 102 | 102.00 | 0 | 0 | 1.36 | 3.64 |
| History - American | 0 | 1 | 0 | 0 | 10 | 50 | 50.00 | 0 | 0 | 6.09 | 7.27 |
| Current Events | 0 | 1 | 0 | 0 | 10 | 85 | 85.00 | 0 | 0 | 14.58 | 18.18 |
| Popular Culture | 0 | 1 | 0 | 0 | 10 | 82 | 82.00 | 0 | 0 | 14.74 | 9.09 |
| Literature - European | 0 | 0 | 1 | 0 | -5 | 0.00 | 0 | 0 | 0.00 | 0.00 |